| 000 | 00856cam a2200229Ia 4500 | ||
|---|---|---|---|
| 005 | 20140903175014.0 | ||
| 008 | 130802s2013 mx ad frn 001 0 spa d | ||
| 020 | _a9786071509628 | ||
| 040 |
_aCo-BoUCM _bspa _cJavier Garzón _dDiana Londoño |
||
| 041 | 0 | _aspa | |
| 100 | 1 |
_aIbarra Escutia, Joel _953748 |
|
| 245 | 1 | 0 |
_aMatemáticas _becuaciones diferenciales _p5 _cJoel Ibarra Escutia ; revisión técnica Tomás Narciso Ocampo Paz y Santiago Millán Solares |
| 260 |
_aMéxico D.F. (México) _bMcGraw-Hill _c2013 |
||
| 300 |
_axx, 280 páginas _bilustraciones y gráficas |
||
| 500 | _aIncluye índice | ||
| 650 | 7 |
_aÁlgebra diferencial _98816 |
|
| 650 | 7 |
_aCálculo _910288 |
|
| 650 | 7 |
_aEcuaciones diferenciales _913736 |
|
| 690 |
_942870 _aMatemáticas |
||
| 942 |
_a25 _cLIBRO _e1 _mI123m _2DEWEY _h515.35 |
||
| 999 |
_c183807 _d183807 |
||